Postmortem / (Record no. 174428)

000 -LEADER
fixed length control field 01196cam a2200349 a 4500
001 - CONTROL NUMBER
control field 2925390
003 - CONTROL NUMBER IDENTIFIER
control field Nust
005 - DATE AND TIME OF LATEST TRANSACTION
control field 20180611035902.0
008 - FIXED-LENGTH DATA ELEMENTS--GENERAL INFORMATION
fixed length control field 890505s1990 nyu 000 1 eng
010 ## - LIBRARY OF CONGRESS CONTROL NUMBER
LC control number 89010177
020 ## - INTERNATIONAL STANDARD BOOK NUMBER
International Standard Book Number 9780751530438
Terms of availability Rs. 556
038 ## - RECORD CONTENT LICENSOR
Staff Name Arshad
040 ## - CATALOGING SOURCE
Original cataloging agency DLC
Transcribing agency DLC
Modifying agency DLC
-- OCoLC
-- DLC
-- OCoLC
-- DLC
043 ## - GEOGRAPHIC AREA CODE
Geographic area code n-us---
-- n-us-va
050 00 - LIBRARY OF CONGRESS CALL NUMBER
Classification number PS3553.O692
Item number P6 1990
082 00 - DEWEY DECIMAL CLASSIFICATION NUMBER
Classification number 813.54
Author Mark COR
100 1# - MAIN ENTRY--PERSONAL NAME
Personal name Cornwell, Patricia Daniels.
9 (RLIN) 11118
245 10 - TITLE STATEMENT
Title Postmortem /
Statement of responsibility, etc. Patricia Daniels Cornwell.
260 ## - PUBLICATION, DISTRIBUTION, ETC.
Place of publication, distribution, etc. New York :
Name of publisher, distributor, etc. Scribner,
Date of publication, distribution, etc. 1990.
300 ## - PHYSICAL DESCRIPTION
Extent 404 p. ;
Dimensions 22 cm.
500 ## - GENERAL NOTE
General note Subtitle on jacket: A mystery introducing Dr. Kay Scarpetta.
600 10 - SUBJECT ADDED ENTRY--PERSONAL NAME
Personal name Scarpetta, Kay
Titles and other words associated with a name (Fictitious character)
Form subdivision Fiction.
9 (RLIN) 11119
650 #0 - SUBJECT ADDED ENTRY--TOPICAL TERM
Topical term or geographic name entry element Medical examiners (Law)
General subdivision Fiction.
9 (RLIN) 11120
650 #0 - SUBJECT ADDED ENTRY--TOPICAL TERM
Topical term or geographic name entry element Forensic pathologists
Form subdivision Fiction.
9 (RLIN) 11121
650 #0 - SUBJECT ADDED ENTRY--TOPICAL TERM
Topical term or geographic name entry element Women physicians
Form subdivision Fiction.
9 (RLIN) 11122
651 #0 - SUBJECT ADDED ENTRY--GEOGRAPHIC NAME
Geographic name Richmond (Va.)
General subdivision Fiction.
9 (RLIN) 11123
655 #7 - INDEX TERM--GENRE/FORM
Genre/form data or focus term Detective and mystery stories.
Source of term gsafd
9 (RLIN) 2977
655 #7 - INDEX TERM--GENRE/FORM
Genre/form data or focus term Medical novels.
Source of term gsafd
9 (RLIN) 11124
906 ## - LOCAL DATA ELEMENT F, LDF (RLIN)
a 7
b cbc
c orignew
d 1
e ocip
f 19
g y-gencatlg
942 ## - ADDED ENTRY ELEMENTS (KOHA)
Source of classification or shelving scheme
Koha item type Book
Holdings
Withdrawn status Lost status Source of classification or shelving scheme Damaged status Not for loan Collection code Permanent Location Current Location Shelving location Date acquired Total Checkouts Total Renewals Full call number Barcode Date last seen Date last checked out Copy number Price effective from Koha item type
            Central Library (CL) Central Library (CL) Fiction 01/25/2017 3 4 813.54 COR CL232 12/02/2023 07/05/2022 1 01/25/2017 Book
© 2023 Central Library, National University of Sciences and Technology. All Rights Reserved.